000 00436nam a22001697a 4500
999 _c12311
_d12311
008 221216b 2012 ||||| |||| 00| 0 eng d
020 _a9788173714610
082 _bRAO
100 _aRao y v c
245 _aThermodynamics
260 _aHyderabad
_bUniversities Press
_c2012
300 _axix479p.
650 _aIntroduction
650 _aConcepts and Definition
650 _aThermodynamics Properties of Fluids
942 _cGB